Statistics for Minecraft Enchantment/Brewery

Click here to take the quiz!

General Stats

  • This quiz has been taken 230 times
  • The average score is 10 of 14

Answer Stats

HintAnswer% Correct
What enchantment sets mobs on fire?Fire Aspect
89%
What ingredient is used to convert a potion to splash?Gun Powder
89%
What enchantment allows you to collect ore blocks such as coal?Silk Touch
89%
What ingredient is used to lengthen a potion?Redstone
88%
What drop from a mob do you need to make a brewing stand?Blaze Rod
87%
What ingredient is the base of all potions?Nether Wart
86%
What ingredient increases the strength of the potion?Glowstone
85%
How many diamonds are used to create an enchantment table?2
75%
What is the max level enchantment?30
72%
What block is placed around an enchantment table?Bookshelves
69%
What enchantment can be put on bows?Power/Punch
68%
What ingredient is used to make a potion of swiftness?Sugar
68%
What potion does a Fermented Spider Eye create?Weakness
49%
What potion does a Glistering Melon create?Health
31%

Score Distribution

Percentile by Number Answered

Percent of People with Each Score

Your Score History

You have not taken this quiz